Pays n'ayant pas gagné la Coupe du Monde de Football (Mort subite) - Statistiques

Statistiques générales
  • Ce quiz a été pris 336 fois
  • Le résultat moyen est 11 sur 12
Answers on the Grid
Answers color-coded by a green-red scale on the quiz's grid according to % correct below.
Uruguay
Italie
Allemagne
Brésil
Angleterre
Argentine
France
Espagne
Pays-Bas
Hongrie
URSS
Tchécoslovaquie
Yougoslavie
Croatie
Suède
Belgique
Chili
Etats-Unis
Japon
Portugal
 
Statistiques - réponses
Réponse % Correct
Japon
96%
Belgique
94%
Etats-Unis
94%
Chili
93%
Croatie
93%
Hongrie
93%
Suède
93%
Tchécoslovaquie
92%
Portugal
91%
Yougoslavie
90%
URSS
89%
Pays-Bas
88%
Aucun quiz correspondant
Distribution des résultats
% des personnes avec chaque résultat
Percentile par nombre de réponses
Votre historique - résultats
Vous n’avez pas pris ce quiz